Statistics for Geography of Switzerland

Click here to take the quiz!

General Stats

  • This quiz has been taken 260 times
    (248 since last reset)
  • The average score is 15 of 20

Answer Stats

QuestionAnswer% Correct
What are the four official languages of Switzerland?French
100%
What are the four official languages of Switzerland?German
100%
What are the four official languages of Switzerland?Italian
100%
What is the most populous city in Switzerland?Zurich
99%
What mountain range covers much of SwitzerlandAlps
99%
What small nation between Switzerland and Austria is doubly-landlocked?Liechtenstein
97%
What major lake is located between Switzerland and France?Lake {Geneva}
95%
What term is used to describe the Swiss subdivisions?Canton
93%
What is the longest river that passes through Switzerland?Rhine
89%
What is the most famous peak that is located between Switzerland and Italy?Matterhorn
88%
What are the four official languages of Switzerland?Romansh
84%
What major Swiss city sits at the intersection of Switzerland, Germany, and France?Basel
80%
What is the birth country of the greatest number of foreign-born Swiss residents?Italy
76%
Which city is both the headquarters of the Olympics and the only Swiss city
with an operating metro system?
Lausanne
71%
What major river starts in Furkapass and empties into the Mediterranean Sea
near Marseille in France?
Rhône
61%
What major city in central Switzerland has the namesake of the lake it oversees?Lucerne
58%
What major lake is located between Switzerland, Austria and Germany?Lake {Constance}
51%
What ski resort, starting with Z, is the most important settlement near the above?Zermatt
47%
What subdivision, starting with G, is the largest one in terms of area?Grisons
36%
What is the highest mountain of Switzerland?Mount {Rosa}
24%

Score Distribution

Percentile by Number Answered

Percent of People with Each Score

Your Score History

You have not taken this quiz since the last reset